Missing Word: Midnight in Paris Quiz Stats

 Plays Quiz Updated Mar 29, 2019

Score 0/24 Timer 05:00
0 Plays Today
Actor Missing Word % Correct
Owen WilsonBehind
94.2%
Adrien BrodyThin
89%
Kathy BatesFried
88.6%
Rachel McAdamsWife
84.7%
Rachel McAdamsMean
84.4%
Marion CotillardNight
69%
Tom Hiddleston Skull
68.9%
Kathy BatesBlind
68.7%
Owen WilsonDupree
64.1%
Owen WilsonShanghai
60.2%
Kathy BatesAbout
59.5%
Marion CotillardAnchorman
57.6%
Actor Missing Word % Correct
Adrien BrodyDarjeeling
45.4%
Tom Hiddleston Horse
43.4%
Kathy BatesClaiborne
43.3%
Rachel McAdamsShadows
42.7%
Marion CotillardPublic
42%
Owen WilsonSmithsonian
37.9%
Rachel McAdamsFamily
30.4%
Adrien BrodySummer
30%
Tom Hiddleston Crimson
24.5%
Marion CotillardBone
17.1%
Adrien BrodyBrothers
15.3%
Tom Hiddleston Lovers
14.1%

Today's Daily Dose

Missing Word
Sherlocks

Word Ladder
King of the Hill

Quick Pick
Songs in Pink

Get the Picture
NBA Teammates

You're not logged in!

Compare scores with friends on all Sporcle quizzes.
OR
Log In

Sporcle TV

Today on Sporcle TV


Watch our educational content, quiz creation guides, and fun videos on Sporcle TV.

Show Comments

Extras

Top Quizzes Today


Score Distribution

Your Account Isn't Verified!

In order to create a playlist on Sporcle, you need to verify the email address you used during registration. Go to your Sporcle Settings to finish the process.

Report this User

Report this user for behavior that violates our Community Guidelines.

Details: